Economía política para principiantes / (Record no. 53609)

MARC details
000 -LEADER
campo de control de longitud fija 00853nam a2200241 i 4500
001 - NÚMERO DE CONTROL
campo de control 53609
003 - IDENTIFICADOR DE NÚMERO DE CONTROL
campo de control ES-MaACL
005 - FECHA Y HORA DE LA ÚLTIMA TRANSACCIÓN
campo de control 20230907160829.0
007 - CAMPO FIJO DE DESCRIPCIÓN FÍSICA--INFORMACIÓN GENERAL
campo de control de longitud fija t|
008 - DATOS DE LONGITUD FIJA--INFORMACIÓN GENERAL
campo de control de longitud fija 031104q1888 sp ||||1| spa d
100 1# - ENTRADA PRINCIPAL--NOMBRE DE PERSONA
Nombre de persona Fawcett, Mrs.
9 (RLIN) 49010
245 10 - MENCIÓN DEL TÍTULO
Título Economía política para principiantes /
Mención de responsabilidad, etc. por Mrs. Fawcett ; traducción de S. Innerárity ; con un prólogo de Gumersindo de Azcárate.
260 ## - PUBLICACIÓN, DISTRIBUCIÓN, ETC.
Lugar de publicación, distribución, etc. Madrid :
Nombre del editor, distribuidor, etc. [s.n.],
Fecha de publicación, distribución, etc. [1888?] (
Fabricante Imp. de Lucas Polo)
300 ## - DESCRIPCIÓN FÍSICA
Extensión XVI, 156 p. ;
Dimensiones 17 cm.
490 1# - MENCIÓN DE SERIE
Mención de serie Biblioteca Andaluza
500 ## - NOTA GENERAL
Nota general En el anuncio editorial de la colección aparece la fecha de 1888.
500 ## - NOTA GENERAL
Nota general En portada: Tomo 1.
700 1# - ENTRADA AGREGADA--NOMBRE PERSONAL
Nombre de persona Innerárity, S.
9 (RLIN) 65325
700 1# - ENTRADA AGREGADA--NOMBRE PERSONAL
Nombre de persona Azcárate, Gumersindo de,
Fechas asociadas al nombre 1840-1917
9 (RLIN) 24243
830 0# - PUNTO DE ACCESO ADICIONAL DE SERIE-TÍTULO UNIFORME
Título uniforme Biblioteca Andaluza
9 (RLIN) 182455
852 ## - LOCALIZACIÓN
Ubicación ES-MaACL
Número de control de estantería D-462
Holdings
Estatus retirado Estado de pérdida Estado de daño No para préstamo Colección Biblioteca de origen Biblioteca actual Ubicación en estantería Fecha de adquisición Fuente de adquisición Total de préstamos Signatura topográfica completa Código de barras Visto por última vez Precio de reemplazo Tipo de ítem Koha
        Libros del s. XIX Biblioteca del Ateneo de Madrid Biblioteca del Ateneo de Madrid Sala Valle Inclán 17/01/2008     D-462 901056331 23/02/2023 23/02/2023 Libro impreso antiguo